[Event "ONGC 53rd National Premier Chess Championship 2015"]
[Site "Hotel Kasi's Inn,Tiruvarur"]
[Date "2015.11.22"]
[Round "7"]
[Board "5"]
[White "Shyaamnikhil, P"]
[Black "Sethuraman, S.P."]
[Result "1/2-1/2"]
[WhiteElo "2436"]
[BlackElo "2651"]
[PlyCount "0"]
[EventDate "2015.11.15"]
[EventRounds "13"]
[EventCountry "IND"]

1. e4 e5 2. Nf3 Nc6 3. Bb5 a6 4. Ba4 Nf6 5. O-O Be7 6. Re1 b5 7. Bb3 d6 8. c3
O-O 9. d4 Bg4 10. d5 Na5 11. Bc2 Qc8 12. Nbd2 c6 13. h3 Bd7 14. dxc6 Qxc6 15.
Nf1 Rfc8 16. Ne3 Rab8 17. a4 Nc4 18. Nf1 Nb6 19. a5 Na4 20. Ng3 g6 21. Nd2 Qc7
22. c4 Nc5 23. b4 Ne6 24. Bd3 Nf4 25. Bf1 h5 26. Re3 bxc4 27. Nxc4 h4 28. Nh1
Rxb4 29. Nb6 Re8 30. Qe1 Rd4 31. Bb2 Bc6 32. Rc1 Qb7 33. f3 Nd7 34. Bxd4 exd4
35. Rb3 Nc5 36. Rbb1 Bg5 37. Nf2 Qe7 38. Qd1 Qf6 39. Rc4 Nfe6 40. Kh1 Qe5 41.
Ng4 Qg3 42. Nd5 Bxd5 43. exd5 Nf4 44. Qxd4 Nh5 45. Rcb4 Kh7 46. Rb8 Rxb8 47.
Rxb8 Ng7 48. Rf8 f6 49. Rf7 Kg8 50. Rc7 Ne8 51. Ra7 f5 52. Ra8 Qe1 53. Qf2 Qe7
54. Qe2 Kf7 55. Qxe7+ Kxe7 56. Nf2 Nc7 57. Rg8 Nxd5 58. Nd3 Nb3 59. Nb2 Nxa5
60. Rxg6 Bf6 61. Nc4 Nxc4 62. Bxc4 Ne3 63. Bb3 d5 64. Rg8 a5 65. Kg1 f4 66. Kf2
Kd6 67. Ke2 Kc5 68. Kd3 Be5 69. Rg5 Kd6 70. Rg6+ Kc5 71. Rg5 Bf6 72. Rg6 Be7
73. Rg7 Bd6 74. Ra7 Kb5 75. Rb7+ Kc6 76. Ra7 Bc7 77. Ba4+ Kb6 78. Ra8 Kc5 79.
Rc8 Kd6 80. Rg8 Kc5 81. Rc8 Kd6 82. Rg8 Kc5 83. Rc8 Kd6 1/2-1/2

[Event "ONGC 53rd National Premier Chess Championship 2015"]
[Site "Hotel Kasi's Inn,Tiruvarur"]
[Date "2015.11.22"]
[Round "7"]
[Board "6"]
[White "Vidit, Santosh Gujrathi"]
[Black "Das, Arghyadip"]
[Result "1-0"]
[WhiteElo "2651"]
[BlackElo "2456"]
[PlyCount "0"]
[EventDate "2015.11.15"]
[EventRounds "13"]
[EventCountry "IND"]

1. d4 d5 2. c4 e6 3. Nc3 c6 4. e3 Nf6 5. Nf3 Nbd7 6. Bd3 dxc4 7. Bxc4 b5 8. Bd3
Bb7 9. a3 a6 10. b4 a5 11. Rb1 axb4 12. axb4 Bd6 13. O-O O-O 14. Qc2 Qe7 15. e4
e5 16. Ne2 Bxb4 17. Ng3 g6 18. dxe5 Ng4 19. Bg5 Qc5 20. e6 fxe6 21. Qb3 Nde5
22. Qxe6+ Rf7 23. Nxe5 Nxe5 24. Be2 Bc8 25. Qb3 Bc3 26. Be3 Qa3 27. f4 Ng4 28.
Qxa3 Rxa3 29. Bc5 Ra2 30. Bd1 Be6 31. f5 gxf5 32. Nxf5 Nf6 33. Nh6+ Kg7 34.
Nxf7 Bxf7 35. Bb3 Bxb3 36. Rxb3 Be5 37. Rd3 Rc2 38. Bd4 Bxd4+ 39. Rxd4 c5 40.
Rd3 Nxe4 41. h4 b4 42. Rf4 Rd2 43. Re3 Rd1+ 44. Kh2 Rd4 45. Rexe4 Rxe4 46. Rxe4
b3 47. Re7+ 1-0

[Event "ONGC 53rd National Premier Chess Championship 2015"]
[Site "Hotel Kasi's Inn,Tiruvarur"]
[Date "2015.11.22"]
[Round "7"]
[Board "7"]
[White "Kunte, Abhijit"]
[Black "Swapnil, S. Dhopade"]
[Result "1/2-1/2"]
[WhiteElo "2515"]
[BlackElo "2497"]
[PlyCount "0"]
[EventDate "2015.11.15"]
[EventRounds "13"]
[EventCountry "IND"]

1. Nf3 Nf6 2. c4 c5 3. Nc3 Nc6 4. e3 g6 5. d4 cxd4 6. exd4 d5 7. cxd5 Nxd5 8.
Qb3 e6 9. Bb5 Bg7 10. O-O O-O 11. Bxc6 bxc6 12. Na4 Ba6 13. Re1 Rb8 14. Qd1 Nb6
15. Nc5 Bc4 16. Bg5 Qc8 17. Ne5 Bd5 18. Ng4 f6 19. Bf4 Ra8 20. Ne3 Re8 21. Rc1
Bf8 22. b3 a5 23. Qc2 Kf7 24. h4 Ra7 25. h5 Qd8 26. Ng4 Nd7 27. Nd3 gxh5 28.
Nh2 Ba3 29. Rcd1 Rg8 30. f3 Nf8 31. Qf2 Ng6 32. Nf1 h4 33. Ne3 h5 34. Nxd5 Qxd5
35. Ne5+ fxe5 36. dxe5 Bc5 37. Be3 Nf4 38. Rxd5 Rxg2+ 39. Qxg2 Bxe3+ 40. Rxe3
Nxg2 41. Rxa5 Rxa5 42. Kxg2 Rxa2+ 43. Kh3 Rc2 44. Kxh4 Kg6 45. Kg3 Kg5 46. Re4
Rc1 47. b4 h4+ 48. Kh3 Rc3 49. Kg2 Rc2+ 50. Kh3 Rf2 51. Re3 Kf4 52. Re4+ Kf5
53. Re3 Rb2 54. Re4 Rb3 55. Kg2 h3+ 56. Kg3 Rc3 57. Re2 Rc4 58. Rb2 Kxe5 59. b5
h2 60. Kxh2 cxb5 61. Rxb5+ Kf4 62. Kg2 Rc2+ 63. Kf1 Kxf3 64. Rb3+ Kf4 65. Rb4+
Ke3 66. Rb3+ Kd2 67. Rb5 Rc4 68. Rb2+ Kd3 69. Rb3+ Rc3 70. Rb5 Kd2 71. Rb2+ Kd3
72. Re2 Rc6 73. Kf2 Kd4 74. Ra2 e5 75. Ke2 e4 76. Ra3 Rc2+ 77. Ke1 Rb2 78. Rh3
e3 79. Rh8 Ke5 1/2-1/2

[Event "ONGC 53rd National Premier Chess Championship 2015"]
[Site "Hotel Kasi's Inn,Tiruvarur"]
[Date "2015.11.23"]
[Round "8"]
[Board "1"]
[White "Venkatesh, M.R."]
[Black "Swapnil, S. Dhopade"]
[Result "1-0"]
[WhiteElo "2464"]
[BlackElo "2497"]
[PlyCount "111"]
[EventDate "2015.11.15"]
[EventRounds "13"]
[EventCountry "IND"]

1. Nf3 Nf6 2. g3 d5 3. Bg2 c6 4. c4 dxc4 5. O-O Nbd7 6. Na3 Nb6 7. Qc2 Be6 8.
Ng5 Bg4 9. f3 Bh5 10. Nxc4 Qd4+ 11. Ne3 h6 12. Nh3 Bg6 13. Qb3 e5 14. f4 Bc5
15. Kh1 O-O 16. d3 e4 17. f5 Bh5 18. Nc2 Qd7 19. dxe4 Bxe2 20. Re1 Bc4 21. Qc3
Ng4 22. Bf3 h5 23. Rd1 Qe7 24. b3 Ba6 25. Bb2 f6 26. Nd4 Bxd4 27. Rxd4 Rad8 28.
Rad1 Rd7 29. Kg2 c5 30. R4d2 Rfd8 31. Nf4 Bb5 32. Ne6 Rxd2+ 33. Rxd2 Rxd2+ 34.
Qxd2 Bd7 35. Nf4 Bc6 36. Ng6 Qe8 37. h3 Nh6 38. Bxf6 Nxf5 39. exf5 Bxf3+ 40.
Kxf3 Qc6+ 41. Kf4 Qxf6 42. g4 hxg4 43. hxg4 Qd4+ 44. Qxd4 cxd4 45. Ke4 Kf7 46.
g5 Nc8 47. Kxd4 Nd6 48. Ke5 Nb5 49. Nf4 Nc3 50. g6+ Kf8 51. a4 a5 52. Nd5 Ne2
53. f6 Ng1 54. Nc7 Nf3+ 55. Kf4 Nd4 56. Ke4 1-0

[Event "ONGC 53rd National Premier Chess Championship 2015"]
[Site "Hotel Kasi's Inn,Tiruvarur"]
[Date "2015.11.23"]
[Round "8"]
[Board "2"]
[White "Das, Arghyadip"]
[Black "Kunte, Abhijit"]
[Result "0-1"]
[WhiteElo "2456"]
[BlackElo "2515"]
[PlyCount "78"]
[EventDate "2015.11.15"]
[EventRounds "13"]
[EventCountry "IND"]

1. e4 c5 2. Nf3 e6 3. d4 cxd4 4. Nxd4 a6 5. c4 Nf6 6. Nc3 Qc7 7. Be2 b6 8. O-O
Bb7 9. Qd3 Nc6 10. Nxc6 Bxc6 11. Be3 Bb4 12. Rac1 Bc5 13. a3 O-O 14. b4 Bxe3
15. Qxe3 e5 16. Rfd1 Rfb8 17. f3 Bb7 18. Rd3 h6 19. Bd1 Ra7 20. Bb3 Bc6 21.
Rcd1 a5 22. b5 Ba8 23. Na4 Rab7 24. Rd6 Qd8 25. c5 bxc5 26. Bc4 Ne8 27. R6d2 d6
28. Nc3 Rd7 29. f4 Qe7 30. fxe5 Qxe5 31. Rf2 Nf6 32. Rf5 Qxh2+ 33. Kxh2 Ng4+
34. Kg1 Nxe3 35. Be2 Nxd1 36. Bxd1 Re8 37. Bf3 Re5 38. Rxe5 dxe5 39. Na4 c4 0-1

[Event "ONGC 53rd National Premier Chess Championship 2015"]
[Site "Hotel Kasi's Inn,Tiruvarur"]
[Date "2015.11.23"]
[Round "8"]
[Board "3"]
[White "Sethuraman, S.P."]
[Black "Vidit, Santosh Gujrathi"]
[Result "1/2-1/2"]
[WhiteElo "2651"]
[BlackElo "2651"]
[PlyCount "96"]
[EventDate "2015.11.15"]
[EventRounds "13"]
[EventCountry "IND"]

1. e4 e6 2. d4 d5 3. Nc3 Nf6 4. e5 Nfd7 5. f4 c5 6. Nf3 Nc6 7. Be3 Be7 8. Qd2
O-O 9. dxc5 Nxc5 10. O-O-O a6 11. h4 Qa5 12. Kb1 b5 13. Bd3 b4 14. Ne2 Nxd3 15.
Qxd3 Qb5 16. Qd2 a5 17. Ned4 Nxd4 18. Nxd4 Qc4 19. g4 f6 20. exf6 Bxf6 21. h5
a4 22. h6 g6 23. Rhe1 Bd7 24. Bf2 Rfe8 25. Nf3 b3 26. Bd4 e5 27. fxe5 Bxg4 28.
exf6 bxc2+ 29. Qxc2 Bf5 30. Qxf5 gxf5 31. Rg1+ Kf8 32. Ng5 Re2 33. Nxh7+ Ke8
34. a3 Rb8 35. Ka1 Rb3 36. f7+ Kxf7 37. Rg7+ Ke8 38. Nf6+ Kd8 39. Rg8+ Ke7 40.
Nxd5+ Qxd5 41. Bf6+ Kxf6 42. Rxd5 Rexb2 43. Rg1 Rh2 44. Rf1 Rxa3+ 45. Kb1 Rb3+
46. Ka1 Ra3+ 47. Kb1 Rb3+ 48. Ka1 Ra3+ 1/2-1/2

[Event "ONGC 53rd National Premier Chess Championship 2015"]
[Site "Hotel Kasi's Inn,Tiruvarur"]
[Date "2015.11.23"]
[Round "8"]
[Board "4"]
[White "Karthikeyan, P."]
[Black "Shyaamnikhil, P"]
[Result "1-0"]
[WhiteElo "2441"]
[BlackElo "2436"]
[PlyCount "89"]
[EventDate "2015.11.15"]
[EventRounds "13"]
[EventCountry "IND"]

1. e4 d5 2. exd5 Qxd5 3. Nc3 Qd6 4. d4 Nf6 5. Nf3 g6 6. Nb5 Qd8 7. c4 c6 8. Nc3
Bg7 9. h3 O-O 10. Bd3 Na6 11. Be3 c5 12. dxc5 Nd7 13. c6 bxc6 14. Rc1 Ndc5 15.
Bb1 Qxd1+ 16. Nxd1 Rd8 17. Ke2 Bf5 18. Bxf5 gxf5 19. Ne1 e5 20. Nc3 Ne6 21. f3
f4 22. Bf2 f5 23. Nc2 Rab8 24. Na4 c5 25. g4 e4 26. gxf5 Ng5 27. fxe4 Nxe4 28.
Rcd1 Re8 29. Kf3 Ng5+ 30. Kxf4 Re2 31. Kxg5 Rxf2 32. Ne3 h6+ 33. Kh4 Rf3 34.
Rhg1 Kh8 35. Rxg7 Kxg7 36. Rd7+ Kh8 37. Ng4 Rxf5 38. Nxh6 Rf2 39. Rxa7 Nb4 40.
Nxc5 Nc6 41. Rc7 Ne5 42. b3 Rbf8 43. Ng4 Nf3+ 44. Kh5 Re2 45. Kh6 1-0

[Event "ONGC 53rd National Premier Chess Championship 2015"]
[Site "Hotel Kasi's Inn,Tiruvarur"]
[Date "2015.11.23"]
[Round "8"]
[Board "5"]
[White "Karthikeyan, Murali"]
[Black "Rathnakaran, K."]
[Result "1-0"]
[WhiteElo "2498"]
[BlackElo "2447"]
[PlyCount "89"]
[EventDate "2015.11.15"]
[EventRounds "13"]
[EventCountry "IND"]

1. e4 e6 2. d4 d5 3. Nd2 Nc6 4. Ngf3 Nf6 5. e5 Nd7 6. Nb3 f6 7. Bb5 a5 8. a4
Be7 9. exf6 Bxf6 10. O-O O-O 11. Re1 Qe7 12. Bf4 Ndb8 13. Qd2 b6 14. Qc3 Bb7
15. Re2 Rc8 16. Rae1 Nd8 17. Qe3 Nd7 18. g4 g6 19. h4 Nf8 20. g5 Bg7 21. Nh2 c6
22. Bd3 c5 23. Bb5 Nf7 24. Ng4 Ba6 25. Bxa6 Rxa6 26. Be5 Nxe5 27. dxe5 Qe8 28.
Qf4 b5 29. Nf6+ Bxf6 30. exf6 bxa4 31. Nd2 Rb6 32. Nf3 Nd7 33. Rd2 Rb4 34. Qg3
Qf7 35. c3 Rc4 36. Qd6 Re8 37. Rde2 Rg4+ 38. Kf1 d4 39. cxd4 cxd4 40. Rxe6 Rxe6
41. Qxe6 Qxe6 42. Rxe6 Rf4 43. Re8+ Nf8 44. Ne5 Re4 45. Re7 1-0

[Event "ONGC 53rd National Premier Chess Championship 2015"]
[Site "Hotel Kasi's Inn,Tiruvarur"]
[Date "2015.11.23"]
[Round "8"]
[Board "6"]
[White "Neelotpal, Das"]
[Black "K., Praneeth Surya"]
[Result "1/2-1/2"]
[WhiteElo "2475"]
[BlackElo "2413"]
[PlyCount "66"]
[EventDate "2015.11.15"]
[EventRounds "13"]
[EventCountry "IND"]

1. e4 c5 2. Nf3 d6 3. d4 cxd4 4. Nxd4 Nf6 5. Nc3 a6 6. Bg5 Nbd7 7. Bc4 Qb6 8.
Bb3 e6 9. O-O Be7 10. Kh1 Nc5 11. Qe2 h6 12. Bh4 O-O 13. f4 Qc7 14. e5 dxe5 15.
fxe5 Nh7 16. Bxe7 Qxe7 17. Qe3 Qg5 18. Rf4 b6 19. h4 Qh5 20. Kg1 Bb7 21. Raf1
Rad8 22. Bc4 Nd7 23. Re1 g5 24. hxg5 Nxg5 25. Qg3 Qg6 26. Bd3 Qg7 27. Rg4 Nc5
28. Re3 Kh8 29. Rh4 Rg8 30. Nce2 Nxd3 31. cxd3 Nh7 32. Qxg7+ Rxg7 33. g3 Rg6
 1/2-1/2

[Event "ONGC 53rd National Premier Chess Championship 2015"]
[Site "Hotel Kasi's Inn,Tiruvarur"]
[Date "2015.11.23"]
[Round "8"]
[Board "7"]
[White "Sengupta, Deep"]
[Black "Shyam, Sundar M."]
[Result "1-0"]
[WhiteElo "2589"]
[BlackElo "2481"]
[PlyCount "87"]
[EventDate "2015.11.15"]
[EventRounds "13"]
[EventCountry "IND"]

1. e4 e5 2. Nf3 Nc6 3. Bb5 a6 4. Ba4 Nf6 5. d3 d6 6. O-O Be7 7. c3 O-O 8. h3
Bd7 9. Nbd2 Re8 10. Re1 Bf8 11. d4 h6 12. Bc2 g6 13. Nf1 Bg7 14. Ng3 Qe7 15. d5
Nb8 16. Be3 a5 17. b3 Na6 18. a3 b5 19. Qd2 Kh7 20. Rad1 Reb8 21. b4 axb4 22.
axb4 Bf8 23. Nh2 Be8 24. f4 Nd7 25. Nf3 Bg7 26. Nf1 Rc8 27. N1h2 c5 28. fxe5
Nxe5 29. Nxe5 Qxe5 30. bxc5 Nxc5 31. Bd4 Qg5 32. Qf2 Ra2 33. Nf3 Qd8 34. e5
dxe5 35. Bxc5 Rxc5 36. Bxg6+ fxg6 37. Qxc5 Bd7 38. d6 Qa8 39. Qe3 Qc6 40. Kh1
Rc2 41. Qe4 Qxc3 42. Nh4 Bxh3 43. d7 Bxg2+ 44. Nxg2 1-0

[Event "ONGC 53rd National Premier Chess Championship 2015"]
[Site "Hotel Kasi's Inn,Tiruvarur"]
[Date "2015.11.24"]
[Round "9"]
[Board "1"]
[White "Shyam, Sundar M."]
[Black "Venkatesh, M.R."]
[Result "1/2-1/2"]
[WhiteElo "2481"]
[BlackElo "2464"]
[PlyCount "0"]
[EventDate "2015.11.15"]
[EventRounds "13"]
[EventCountry "IND"]

1. e4 e5 2. Nf3 Nc6 3. Bc4 Nf6 4. d3 Bc5 5. O-O d6 6. c3 O-O 7. Bb3 h6 8. Re1
a6 9. Nbd2 Ba7 10. Nf1 Na5 11. Bc2 c5 12. h3 Re8 13. Ng3 Nc6 14. Nh4 Ne7 15.
Qf3 Ng6 16. Nhf5 Be6 17. h4 Rc8 18. h5 Nf8 19. c4 Bb8 20. Bd2 N8h7 21. Ba4 b5
22. Bb3 Qd7 23. a4 Qb7 24. Qd1 Bc7 25. axb5 axb5 26. cxb5 d5 27. b6 Bb8 28.
exd5 Bxd5 29. Bxd5 Qxd5 30. Ra3 Rc6 31. Qa4 Qe6 32. Ba5 Nd5 33. b7 Nhf6 34. Qc4
Qd7 35. Rb3 Bc7 36. Bxc7 Qxc7 37. Ne4 Rb8 38. Nxf6+ Nxf6 39. Qb5 Nd5 40. Rc1
Rb6 41. Qc4 Rxb3 42. Qxb3 Nf4 43. Rc2 Qxb7 44. Qxb7 1/2-1/2

[Event "ONGC 53rd National Premier Chess Championship 2015"]
[Site "Hotel Kasi's Inn,Tiruvarur"]
[Date "2015.11.24"]
[Round "9"]
[Board "2"]
[White "K., Praneeth Surya"]
[Black "Sengupta, Deep"]
[Result "1/2-1/2"]
[WhiteElo "2413"]
[BlackElo "2589"]
[PlyCount "0"]
[EventDate "2015.11.15"]
[EventRounds "13"]
[EventCountry "IND"]

1. e4 e6 2. d4 d5 3. Bd3 dxe4 4. Bxe4 Nf6 5. Bf3 c5 6. Ne2 Nc6 7. Be3 cxd4 8.
Nxd4 Bb4+ 9. c3 Nxd4 10. Bxd4 Bd6 11. Nd2 e5 12. Be3 Qc7 13. Qa4+ Bd7 14. Qc4
Bc6 15. Bxc6+ bxc6 16. Ne4 Nxe4 17. Qxe4 O-O 18. O-O f5 19. Qc4+ Kh8 20. f3
Rab8 21. b3 e4 22. f4 Rbd8 23. Rad1 Be7 24. Qe2 Qa5 25. Bd4 Bc5 26. b4 Bxd4+
27. Rxd4 Qb6 28. Rfd1 Rxd4 29. Rxd4 Rd8 30. Qc4 Rxd4 31. cxd4 Qb5 32. Qe6 h6
33. a4 Qd3 34. Qc8+ Kh7 35. Qxf5+ Kh8 36. Qf8+ 1/2-1/2

[Event "ONGC 53rd National Premier Chess Championship 2015"]
[Site "Hotel Kasi's Inn,Tiruvarur"]
[Date "2015.11.24"]
[Round "9"]
[Board "3"]
[White "Rathnakaran, K."]
[Black "Neelotpal, Das"]
[Result "1/2-1/2"]
[WhiteElo "2447"]
[BlackElo "2475"]
[PlyCount "0"]
[EventDate "2015.11.15"]
[EventRounds "13"]
[EventCountry "IND"]

1. e4 c5 2. Nf3 d6 3. c3 Nf6 4. h3 Nbd7 5. Bd3 b6 6. O-O Bb7 7. Re1 Qc7 8. Bc2
Rc8 9. d3 g6 10. a4 Bg7 11. Na3 Ne5 12. Nxe5 dxe5 13. a5 O-O 14. Nb5 Qb8 15.
axb6 axb6 16. Be3 Rcd8 17. Qb1 Rd7 18. b4 Bc6 19. Na3 cxb4 20. Qxb4 b5 21. Rab1
Rb7 22. Bc5 Re8 23. d4 exd4 24. cxd4 e6 25. Rb3 Qd8 26. Rc3 Qd7 27. Nb1 Ra8 28.
Nd2 Ne8 29. Rd3 Nc7 30. Nb3 Na6 31. Qd2 b4 32. Qe3 Bb5 33. Rdd1 Rc7 34. e5 Ba4
35. Be4 Rac8 36. Ra1 Bb5 37. Red1 Qe8 38. Ra5 Nxc5 39. Nxc5 Bf8 40. Bd3 Bxc5
41. Rxb5 Bf8 42. d5 Bc5 43. Rxc5 Rxc5 44. d6 Qa4 45. Be2 Qa5 46. f4 Rd5 47.
Rxd5 Qxd5 48. Bf3 Qc4 49. Kh2 b3 50. Be2 Qb4 51. Bd3 b2 52. Bb1 Kf8 53. Qf2 Kg8
54. Qh4 Qd4 55. Qf6 Rc1 56. Qd8+ Kg7 57. Qf6+ Kg8 58. Qd8+ 1/2-1/2

[Event "ONGC 53rd National Premier Chess Championship 2015"]
[Site "Hotel Kasi's Inn,Tiruvarur"]
[Date "2015.11.24"]
[Round "9"]
[Board "4"]
[White "Shyaamnikhil, P"]
[Black "Karthikeyan, Murali"]
[Result "0-1"]
[WhiteElo "2436"]
[BlackElo "2498"]
[PlyCount "0"]
[EventDate "2015.11.15"]
[EventRounds "13"]
[EventCountry "IND"]

1. e4 g6 2. d4 Bg7 3. Nf3 d6 4. Bc4 Nf6 5. Qe2 c6 6. e5 Nd5 7. h3 O-O 8. O-O
Qc7 9. Bb3 Bf5 10. Re1 dxe5 11. dxe5 Nd7 12. Bd2 Nc5 13. Nd4 Be4 14. f4 Qb6 15.
Qf2 f6 16. Nc3 fxe5 17. Ne6 Nxe6 18. Nxe4 Nd4 19. c4 Nxb3 20. axb3 Nxf4 21.
Qxb6 axb6 22. Rxa8 Rxa8 23. Be3 Ra2 24. Rb1 Ne2+ 25. Kf2 Nd4 26. Nc3 Ra8 27. b4
Kf7 28. Ne4 h6 29. Bd2 b5 30. c5 Ke6 31. Ke3 Rd8 32. Bc3 Nc2+ 33. Ke2 Nxb4 34.
Ng5+ hxg5 35. Bxb4 e4 36. Bd2 Bf6 0-1

[Event "ONGC 53rd National Premier Chess Championship 2015"]
[Site "Hotel Kasi's Inn,Tiruvarur"]
[Date "2015.11.24"]
[Round "9"]
[Board "5"]
[White "Vidit, Santosh Gujrathi"]
[Black "Karthikeyan, P."]
[Result "1-0"]
[WhiteElo "2651"]
[BlackElo "2441"]
[PlyCount "0"]
[EventDate "2015.11.15"]
[EventRounds "13"]
[EventCountry "IND"]

1. d4 Nf6 2. c4 e6 3. g3 d5 4. Bg2 c6 5. Nf3 Be7 6. O-O O-O 7. Qc2 b6 8. b3 Bb7
9. Rd1 Na6 10. Nc3 Rc8 11. e4 h6 12. Bf4 Re8 13. Ne5 Bb4 14. exd5 exd5 15. a3
Bd6 16. Qf5 Nc7 17. b4 Ne6 18. Be3 Rc7 19. b5 Bc8 20. Nxc6 Nxd4 21. Qd3 Nxc6
22. bxc6 Rxc6 23. Nxd5 Be5 24. Ne7+ Qxe7 25. Bxc6 Bxa1 26. Bxe8 Nxe8 27. Rxa1
Bb7 28. Bf4 Qe6 29. f3 Nf6 30. Rd1 Ba6 31. Qc2 g5 32. Bc1 Bxc4 33. Qc3 b5 34.
Bb2 Bd5 35. Qe5 Qb6+ 36. Bd4 1-0

[Event "ONGC 53rd National Premier Chess Championship 2015"]
[Site "Hotel Kasi's Inn,Tiruvarur"]
[Date "2015.11.24"]
[Round "9"]
[Board "6"]
[White "Kunte, Abhijit"]
[Black "Sethuraman, S.P."]
[Result "1/2-1/2"]
[WhiteElo "2515"]
[BlackElo "2651"]
[PlyCount "0"]
[EventDate "2015.11.15"]
[EventRounds "13"]
[EventCountry "IND"]

1. Nf3 d5 2. g3 g6 3. Bg2 Bg7 4. d4 Nd7 5. O-O Ngf6 6. c4 dxc4 7. Qa4 O-O 8.
Qxc4 Nb6 9. Qc2 Bf5 10. Qb3 a5 11. Nc3 Ne4 12. a4 c6 13. Rd1 Nd6 14. Ne1 Be6
15. d5 cxd5 16. Nxd5 Bxd5 17. Bxd5 Nxd5 18. Rxd5 Qc8 19. Bf4 Qc4 20. Qxc4 Nxc4
21. Nd3 Nxb2 22. Nxb2 Bxb2 23. Rb1 Ba3 24. Rxb7 Bb4 25. Bd2 Rfb8 26. Rxb8+
 1/2-1/2

[Event "ONGC 53rd National Premier Chess Championship 2015"]
[Site "Hotel Kasi's Inn,Tiruvarur"]
[Date "2015.11.24"]
[Round "9"]
[Board "7"]
[White "Swapnil, S. Dhopade"]
[Black "Das, Arghyadip"]
[Result "0-1"]
[WhiteElo "2497"]
[BlackElo "2456"]
[PlyCount "0"]
[EventDate "2015.11.15"]
[EventRounds "13"]
[EventCountry "IND"]

1. d4 d5 2. c4 dxc4 3. Nf3 Nf6 4. Nc3 a6 5. e4 b5 6. e5 Nd5 7. a4 Bb7 8. e6
fxe6 9. Ng5 Nxc3 10. bxc3 Qd5 11. Be2 Qxg2 12. Rf1 Nd7 13. Nxe6 Rc8 14. axb5
axb5 15. Bf4 Qh3 16. Ng5 Qxc3+ 17. Bd2 Qxd4 18. Qb1 g6 19. Ra3 Qc5 20. Rh3 Nf6
21. Rxh7 Rg8 22. Rh4 Qf5 23. Qb2 Rb8 24. Rg1 Bg7 25. Rf4 Qd7 26. Qb1 Bh8 27.
Nf3 Bxf3 28. Rxg6 Bd5 29. Rxg8+ Bxg8 30. Qg6+ Kd8 31. Rxf6 Qe8 32. Qxe8+ Kxe8
33. Bh5+ Kd7 34. Bg4+ e6 35. Rh6 Bd4 36. Rh5 Kd6 37. Bf4+ e5 38. Rh6+ Kc5 39.
Bg5 Bc3+ 40. Ke2 Ra8 41. Be7+ Kd4 42. Bf5 Ra2+ 43. Kd1 Rxf2 44. Rh4+ Kd5 45.
Be4+ Ke6 46. Bc5 Bd4 47. Bb4 c5 48. Be1 Rf6 49. Rh8 Bf7 50. Bh4 Rg6 51. Bxg6
Bxg6 52. Rb8 Bh5+ 53. Kc1 b4 54. Bg5 c3 55. Kc2 Kd5 56. h4 Kc4 57. Rb6 b3+ 58.
Rxb3 Bg6+ 0-1

[Event "ONGC 53rd National Premier Chess Championship 2015"]
[Site "Hotel Kasi's Inn,Tiruvarur"]
[Date "2015.11.25"]
[Round "10"]
[Board "1"]
[White "Venkatesh, M.R."]
[Black "Das, Arghyadip"]
[Result "1/2-1/2"]
[WhiteElo "2464"]
[BlackElo "2456"]
[PlyCount "260"]
[EventDate "2015.11.15"]
[EventRounds "13"]
[EventCountry "IND"]

1. e4 e6 2. d4 d5 3. Nd2 Nf6 4. e5 Nfd7 5. Bd3 c5 6. c3 Nc6 7. Ne2 cxd4 8. cxd4
f6 9. exf6 Nxf6 10. O-O Bd6 11. Nf3 O-O 12. Bf4 Bxf4 13. Nxf4 Ne4 14. Qc1 Ng5
15. Nxg5 Qxg5 16. Bxh7+ Kxh7 17. Nxe6 Qf5 18. Nxf8+ Qxf8 19. Re1 Kg8 20. Qg5
Bf5 21. Rad1 Qf7 22. f3 Rf8 23. h4 Bg6 24. Kf2 Be4 25. Re3 Qc7 26. Kg1 Bf5 27.
Rd2 Qa5 28. Rb3 Qa6 29. h5 Kh7 30. a3 Rf7 31. Kh2 Na5 32. Rc3 Qd6+ 33. Kg1 Nc4
34. Re2 Qb6 35. Qh4 Nxb2 36. h6 g5 37. Qxg5 Qxd4+ 38. Qe3 Qf6 39. Rc1 Nc4 40.
Qc5 Qb6 41. Qxb6 Nxb6 42. Rd1 Kxh6 43. Rd4 Kg7 44. g4 Bg6 45. Kg2 Rc7 46. Kg3
Kf6 47. Kf4 Rc4 48. g5+ Kf7 49. Ke5 Rc3 50. Rf4+ Kg7 51. Re1 Rc8 52. Rh1 Rc3
53. a4 Rc5 54. Rd4 Rc3 55. f4 Nc4+ 56. Kxd5 Bf7+ 57. Kc5 Ne3+ 58. Kb4 Rb3+ 59.
Kc5 Rc3+ 60. Kb4 Rc7 61. Rh2 Nc2+ 62. Rxc2 Rxc2 63. f5 Rf2 64. Rd7 Rf4+ 65. Ka3
Rxf5 66. Rxb7 a6 67. g6 Kxg6 68. Rb6+ Kg7 69. Rxa6 Kf8 70. Ra7 Ke8 71. a5 Kd8
72. Kb4 Kc8 73. a6 Kb8 74. Re7 Ka8 75. Rc7 Bg6 76. Rd7 Bh5 77. Rc7 Be2 78. Rc6
Ka7 79. Rc7+ Kxa6 80. Rc6+ Kb7 81. Re6 Bf3 82. Rh6 Bc6 83. Rh8 Kb6 84. Rb8+ Bb7
85. Rg8 Rf4+ 86. Kc3 Bd5 87. Rd8 Kc5 88. Kd3 Rf3+ 89. Ke2 Rb3 90. Kd2 Kd4 91.
Ke2 Rb2+ 92. Kd1 Rh2 93. Kc1 Ke4 94. Kd1 Bc6 95. Rd2 Rh1+ 96. Kc2 Ba4+ 97. Kc3
Rc1+ 98. Kb4 Bc6 99. Rh2 Bd5 100. Rh4+ Kd3 101. Kb5 Be4 102. Rg4 Kd4 103. Rh4
Rb1+ 104. Ka4 Rb8 105. Rg4 Kd5 106. Ka3 Kd4 107. Ka4 Kd3 108. Ka5 Bd5 109. Rb4
Rh8 110. Kb6 Rh7 111. Kc5 Bc4 112. Rb1 Rh5+ 113. Kd6 Kd4 114. Rd1+ Bd3 115. Ke6
Rh6+ 116. Kd7 Ke4 117. Ke7 Bc4 118. Re1+ Kf5 119. Kd7 Bd5 120. Kc7 Be4 121. Kd7
Ke5 122. Ke7 Rh7+ 123. Ke8 Kd5 124. Kf8 Ra7 125. Re2 Ke5 126. Ke8 Kd5 127. Kf8
Ra4 128. Ke7 Ke5 129. Re1 Ra2 130. Ke8 Ra7 1/2-1/2

[Event "ONGC 53rd National Premier Chess Championship 2015"]
[Site "Hotel Kasi's Inn,Tiruvarur"]
[Date "2015.11.25"]
[Round "10"]
[Board "2"]
[White "Sethuraman, S.P."]
[Black "Swapnil, S. Dhopade"]
[Result "1-0"]
[WhiteElo "2651"]
[BlackElo "2497"]
[PlyCount "69"]
[EventDate "2015.11.15"]
[EventRounds "13"]
[EventCountry "IND"]

1. e4 c5 2. Nf3 d6 3. Bb5+ Bd7 4. c4 Nf6 5. Nc3 g6 6. d4 cxd4 7. Nxd4 Bg7 8.
Be3 O-O 9. h3 Nc6 10. Bxc6 bxc6 11. c5 Qb8 12. Nb3 a5 13. O-O Be6 14. Qc2 Bxb3
15. axb3 d5 16. Ra4 Nxe4 17. Nxe4 dxe4 18. Rxe4 Ra7 19. Bf4 Qb5 20. Rfe1 Bf6
21. Rd1 Rfa8 22. Ra4 h5 23. Rda1 Ra6 24. Bc7 e6 25. Rd1 Qb7 26. Bb6 Be5 27. g3
Qe7 28. Qe4 Bc7 29. Qxc6 Bxb6 30. cxb6 Rb8 31. Qc7 Qe8 32. Rad4 Kg7 33. Rd8
Rxd8 34. Rxd8 Qb5 35. b7 1-0

[Event "ONGC 53rd National Premier Chess Championship 2015"]
[Site "Hotel Kasi's Inn,Tiruvarur"]
[Date "2015.11.25"]
[Round "10"]
[Board "3"]
[White "Karthikeyan, P."]
[Black "Kunte, Abhijit"]
[Result "1/2-1/2"]
[WhiteElo "2441"]
[BlackElo "2515"]
[PlyCount "74"]
[EventDate "2015.11.15"]
[EventRounds "13"]
[EventCountry "IND"]

1. e4 c5 2. Nf3 e6 3. d4 cxd4 4. Nxd4 a6 5. Bd3 Nf6 6. O-O Qc7 7. Qe2 d6 8. f4
Nbd7 9. c4 Be7 10. Nc3 b6 11. Kh1 O-O 12. Bd2 Bb7 13. Rae1 Rfd8 14. b4 Rac8 15.
a3 Bf8 16. Nc2 g6 17. Ne3 Bg7 18. Rc1 Qb8 19. Ned1 Qa8 20. Nf2 Re8 21. Qf3 Nh5
22. g4 Nhf6 23. Kg1 d5 24. g5 dxe4 25. Ncxe4 Nh5 26. Qh3 Qb8 27. Ng4 f5 28.
gxf6 Ndxf6 29. Ngxf6+ Nxf6 30. Ng5 Qd6 31. Bc3 Nh5 32. Qe3 Rcd8 33. Be4 Bxe4
34. Nxe4 Bd4 35. Bxd4 Qxd4 36. Qxd4 Rxd4 37. Rce1 Rc8 1/2-1/2